[Event "Young Talents Mukachevo 2020"]
[Site "Mukachevo"]
[Date "2020.11.23"]
[Round "1.1"]
[White "Lymar, Vladislav"]
[Black "Petrovskiy, Vadim"]
[Result "1/2-1/2"]
[WhiteElo "2147"]
[BlackElo "2108"]
[Annotator "TA"]
[PlyCount "67"]
[EventDate "2020.11.23"]
[EventType "tourn"]
[EventCountry "UKR"]
[SourceTitle "playchess.com"]
[Source "ChessBase"]
[SourceQuality "1"]

{[%evp 13,67,32,27,26,28,0,22,12,29,10,18,26,20,16,28,31,62,24,45,18,25,17,42,15,20,0,33,28,39,14,8,10,29,0,14,0,0,0,20,19,141,70,85,88,135,0,0,0,16,13,12,0,0,0,0,0]} 1. d4 Nf6 2. Nf3 g6 3. g3 Bg7 4. Bg2 O-O 5. O-O d6 6. b3 Nbd7 7. Bb2 c6 {7...Re8 is a critical line.} 8. a4 {A49: 1 d4 Nf6 2 Nf3 g6 3 g3: Anti-King's Indian systems.} a5 9. Nc3 d5 10. Re1 Re8 11. e4 Nxe4 12. Nxe4 dxe4 13. Rxe4 Nf6 14. Re1 {[#]} Bf5 $146 ({Predecessor:} 14... Bg4 15. h3 Bxf3 16. Qxf3 Nd5 17. Rad1 e6 18. h4 h5 19. c4 Ne7 20. d5 cxd5 21. Bxg7 Kxg7 {½-½ (38) Ribli,Z-Bilek,I Budapest 1975}) 15. Ne5 Qb6 16. Qd2 Nd5 17. Re2 Nb4 18. Qc3 Rad8 19. Rae1 Qc7 20. h3 Be6 21. Qf3 Bxe5 22. dxe5 Rd7 23. Qf4 Red8 24. Qh6 {And now Re4 would win.} Rd1 25. Be4 Qd7 26. Bc3 b6 {[#]} (26... Qe8 $11) 27. Rxd1 ({White should try} 27. Bf3 $1 $16) 27... Qxd1+ $14 {[%mdl 64] Double Attack} 28. Re1 Qd7 {[#]} 29. Ra1 (29. Bf3 $1 $16 {Re4 is the strong threat.} Kh8 30. Re4) 29... c5 $11 {The position is equal.} 30. h4 Nc6 31. h5 {aiming for Kg2.} Nd4 {next ...Bf5 is good for Black.} 32. hxg6 fxg6 33. Bxg6 hxg6 34. Qxg6+ {Weighted Error Value: White=0.21/Black=0.22} 1/2-1/2

[Event "Young Talents Mukachevo 2020"]
[Site "Mukachevo"]
[Date "2020.11.23"]
[Round "1.2"]
[White "Lozynskyi, Bohdan"]
[Black "Prokofiev, Valentyn"]
[Result "0-1"]
[WhiteElo "2077"]
[BlackElo "2095"]
[Annotator "TA"]
[PlyCount "104"]
[EventDate "2020.11.23"]
[EventType "tourn"]
[EventCountry "UKR"]
[SourceTitle "playchess.com"]
[Source "ChessBase"]
[SourceQuality "1"]

{[%evp 9,104,21,58,45,97,79,85,67,74,69,84,37,58,56,60,53,68,55,77,39,50,-31,-16,-9,0,-31,-25,-54,-7,0,0,0,0,11,69,-4,-14,-10,34,0,40,-22,-16,-22,-29,-21,-27,-28,0,0,0,0,0,0,0,0,0,0,0,-120,-118,-156,-135,-296,-229,-248,-234,-234,-222,-208,-208,-240,-238,-271,-261,-243,-158,-1277,-1243,-1124,-986,-1233,-1143,-1330,-1329,-1319,-1315,-1304,-1327,-1263,-1045,-1190,-1188,-950,-929,-1144,-853]} 1. e4 g6 2. f4 Bg7 3. Nf3 d6 4. Be2 a6 5. c3 b5 {[#]} 6. a4 $146 {B07: Pirc Defence: Miscellaneous Systems.} ({Predecessor:} 6. O-O Nf6 7. e5 Nd5 8. d4 Bf5 9. a4 b4 10. c4 Nb6 11. a5 N6d7 12. Nh4 Bxb1 13. Rxb1 {1-0 (47) Horvath,I (1930)-Gulay,A (1634) Budva 2013}) 6... bxa4 (6... Bb7 $14) 7. Qxa4+ Bd7 8. Qc2 {White is better.} c5 9. O-O Qc7 10. Kh1 Nh6 11. d3 O-O 12. Be3 f5 13. Ng5 Kh8 14. Bf3 Nc6 15. Bg1 (15. Nd2 $14) 15... fxe4 16. Bxe4 e5 17. Qc1 exf4 18. Rxf4 Rxf4 19. Qxf4 Rf8 20. Qc1 a5 21. Nd2 Ng4 22. Bd5 (22. d4 $14) 22... Nce5 $11 23. Qc2 Qd8 24. Ndf3 (24. Nde4 $5 {[%cal Rd3d4]}) 24... h6 (24... Nxf3 {feels hotter.} 25. Nxf3 Nf6 26. Ba2 Nh5 27. Be3 Nf4) 25. Ne6 ({Better is} 25. Nxe5 $14 Bxe5 26. Nf3 (26. Nf7+ $2 Rxf7 27. d4 cxd4 $19)) 25... Bxe6 26. Bxe6 Nxf3 27. Bxg4 Nxg1 28. Kxg1 Qh4 29. Qe2 Be5 {[%csl Ge5][%cal Rh4h2]} 30. g3 Qd8 31. Rf1 Kg7 32. Rxf8 Qxf8 33. Qe4 Qb8 34. Qc6 {[#]} (34. Qg2 $11 {remains equal.}) 34... h5 $1 $17 {[%cal Rh5g4]} ({Don't play} 34... Qxb2 $6 35. Qc7+ Kf6 36. Qd8+ Kg7 37. Qe7+ Kh8 38. Qf8+ Kh7 39. Be6 $11) 35. Bf3 Qxb2 36. Be4 $2 (36. Bxh5 $17 Qc1+ 37. Kf2) 36... Qxc3 {( -> ...Qe1+)} 37. Qd7+ Kh6 38. Qf7 {[%csl Ge4][%cal Rf7g6]} Qe1+ 39. Kg2 {[%csl Ge4][%cal Rf7g6]} Qe2+ 40. Kh1 {[%csl Ge4][%cal Rf7g6] [#]} Qg4 $1 41. Bf3 {[#]} Qf5 $1 42. Qxf5 gxf5 $19 {[%mdl 4096] Endgame KB-KB} 43. Kg2 $2 {This move loses the game for White.} (43. Bc6 $17) 43... a4 {[%cal Ba5a4,Ba4a3][%mdl 32] Black is clearly winning.} 44. Bd5 Kg5 45. Kf3 h4 46. gxh4+ Kxh4 47. h3 a3 48. Be6 Kg5 49. Ke3 Bc3 50. Bd5 Kf6 51. h4 Kg6 52. Kf4 Be5+ {Weighted Error Value: White=0.55/Black=0.09} 0-1

[Event "Young Talents Mukachevo 2020"]
[Site "Mukachevo"]
[Date "2020.11.23"]
[Round "1.3"]
[White "Samunenkov, Ihor"]
[Black "Osadchuk, Dmitry"]
[Result "1/2-1/2"]
[WhiteElo "2142"]
[BlackElo "2173"]
[Annotator "TA"]
[PlyCount "102"]
[EventDate "2020.11.23"]
[EventType "tourn"]
[EventCountry "UKR"]
[SourceTitle "playchess.com"]
[Source "ChessBase"]
[SourceQuality "1"]

{[%evp 11,102,0,14,0,0,0,0,0,0,7,2,0,32,27,39,17,43,45,43,31,41,-15,-12,-39,-26,-44,-29,-30,0,-37,0,-40,-3,-64,-67,-66,-62,-82,0,0,0,0,0,0,0,0,8,10,25,9,16,0,77,77,77,77,77,77,77,16,29,8,8,0,0,0,203,0,0,0,0,0,0,0,0,0,0,0,0,0,0,0,0,0,0,0,0,0,0,0,0,0,0]} 1. d4 Nf6 2. g3 d5 3. Nf3 c6 4. Bg2 Bf5 5. c4 e6 6. Nc3 Nbd7 7. Qb3 {is now debated instead of 7.0-0. D11: Slav Defence: 3 Nf3 sidelines and 3...Nf6 4 e3 Bg4.} Qb6 8. c5 Qxb3 9. axb3 a6 10. b4 Rd8 11. h3 {[#]} Be4 $146 ({Predecessor:} 11... h6 12. g4 Bh7 13. Bf4 Ne4 14. Ne5 g5 15. Bh2 Nxe5 16. Bxe5 f6 17. Bh2 Bg7 {½-½ (36) Cherniaev,A (2425)-Rychagov,A (2556) Voronezh 2017}) 12. Bf4 h6 13. h4 Be7 14. Nxe4 Nxe4 15. Ne5 Nxe5 16. dxe5 (16. Bxe5 $14 O-O 17. f3) 16... f6 $11 17. h5 fxe5 18. Bxe4 {Bg6+ is the strong threat.} dxe4 19. Bxe5 Kf7 20. Rd1 Bf6 (20... Rd5 $5 {[%cal Rd5e5]} 21. Bc3 Rhd8 $15) 21. Bc3 Rd5 (21... Rxd1+ {seems wilder.} 22. Kxd1 Rd8+ 23. Kc2 Rd5 24. g4 Bxc3 25. bxc3 Kf6) 22. Rxd5 (22. f3 $11) 22... cxd5 $15 23. Bxf6 gxf6 $11 {[%mdl 4096] Endgame KR-KR} 24. Kd2 e5 (24... Ke7 $1 $17) 25. b5 axb5 26. Ra1 $1 Rc8 27. b4 Rc7 28. Ra5 Ke6 29. Rxb5 Kf5 30. Rb6 d4 31. Rd6 Kg5 {[#]} (31... Rc8 $11 {remains equal.}) 32. f3 $1 $16 exf3 33. exf3 Rf7 34. Kd3 Kxh5 {[#]} 35. b5 ({Better is} 35. Ke4 $1 $16) 35... Kg5 $11 36. Kc4 {White wants to play c6.} h5 37. Kd5 h4 38. gxh4+ Kf4 $2 (38... Kxh4 $11 {and Black is okay.} 39. c6 bxc6+ 40. bxc6 Kg3) 39. Ke6 $2 ({White must play} 39. c6 $18 bxc6+ 40. bxc6 Kxf3 41. Rd7) 39... Rc7 {The position is equal.} 40. c6 bxc6 41. bxc6 Kxf3 42. Kxf6 e4 {Strongly threatening ...e3.} 43. Rxd4 Rxc6+ 44. Kg5 Rc5+ 45. Kg6 $1 e3 46. Rd3 Kf4 47. Rd4+ Kf3 48. Rd3 Re5 49. h5 $1 Kf4 {( -> ...e2)} (49... Kg4 $5 50. Rd4+ $8 Kg3 $11) 50. Rd4+ $1 Re4 51. Rxe4+ Kxe4 {Weighted Error Value: White=0.18/Black=0.19} 1/2-1/2

[Event "Young Talents Mukachevo 2020"]
[Site "Mukachevo"]
[Date "2020.11.24"]
[Round "2.1"]
[White "Petrovskiy, Vadim"]
[Black "Osadchuk, Dmitry"]
[Result "1/2-1/2"]
[WhiteElo "2108"]
[BlackElo "2173"]
[Annotator "TA"]
[PlyCount "101"]
[EventDate "2020.11.23"]
[EventType "tourn"]
[EventCountry "UKR"]
[SourceTitle "playchess.com"]
[Source "ChessBase"]
[SourceQuality "1"]

{[%evp 20,101,-8,-7,16,-12,19,6,12,21,29,19,39,26,50,30,61,53,59,58,53,29,81,81,87,75,72,62,67,58,65,57,61,52,61,45,56,53,58,33,30,-7,0,-39,-35,-39,-41,-62,-52,-54,-57,-170,-112,-115,-118,-137,-54,-54,-52,-52,-45,-50,0,0,0,0,0,0,0,0,0,0,0,0,0,0,0,-9,-9,-9,-9,-9,0,-12]} 1. e4 c5 2. Nf3 a6 3. Nc3 d6 4. d4 cxd4 5. Nxd4 Nf6 6. Be2 e5 7. Nb3 Be7 8. Be3 O-O 9. O-O Be6 10. a4 Nc6 11. Bf3 Rc8 {B92: Sicilian Najdorf: 6 Be2.} 12. Qd2 Nb8 13. Rfd1 Nbd7 14. a5 Qc7 15. Qe1 Rfd8 {[#]} 16. Nc1 $146 ({Predecessor:} 16. Be2 Qc6 {½-½ (16) Riff,J (2512)-Huzman,A (2590) Kallithea 2008}) 16... Nc5 17. N1a2 h6 ({Don't blunder} 17... Qxa5 $2 18. b4 $16) 18. Nb4 Ncd7 19. Na4 Qb8 ({Much worse is} 19... Qxa5 $6 20. Nb6 $16) 20. b3 Nc5 (20... d5 $11) 21. Nb6 $16 Rc7 22. Rab1 Re8 23. Bc1 (23. c4 {keeps more tension.} Ncxe4 24. Bxh6 Nc5 25. Be3 Ncd7 26. N6d5) 23... Ncd7 24. c4 Nxb6 25. axb6 Rcc8 26. Be3 Nd7 27. Nd5 Bd8 28. Qa5 Rc6 29. Nb4 Rc8 30. Rbc1 Nxb6 31. Qa3 Nd7 32. Nd5 Bxd5 33. Rxd5 Rc6 34. Rcd1 Be7 35. c5 {[#]} ({White should try} 35. Qa5 $15) 35... Nxc5 (35... Nf6 $1 $19 36. R5d2 dxc5) 36. Bxc5 $17 Rxc5 37. Bg4 Bf8 (37... Rc2 $17 {White must now prevent ...Qc7.} 38. Qa4 g6) 38. Rxc5 $15 dxc5 39. Qa5 $1 g6 40. Qb6 Re7 41. Bd7 $1 {The position is equal.} Kg7 42. g3 h5 43. Kg2 a5 44. Qxa5 b6 45. Qa4 Qc7 46. h4 Qb7 47. Bc6 Qa7 48. Qxa7 Rxa7 49. Rd8 {[#]} c4 $1 {[%mdl 512]} 50. bxc4 Bc5 51. Rd2 {Weighted Error Value: White=0.10/Black=0.11} 1/2-1/2

[Event "Young Talents Mukachevo 2020"]
[Site "Mukachevo"]
[Date "2020.11.24"]
[Round "2.2"]
[White "Prokofiev, Valentyn"]
[Black "Samunenkov, Ihor"]
[Result "0-1"]
[WhiteElo "2095"]
[BlackElo "2142"]
[Annotator "TA"]
[PlyCount "144"]
[EventDate "2020.11.23"]
[EventType "tourn"]
[EventCountry "UKR"]
[SourceTitle "playchess.com"]
[Source "ChessBase"]
[SourceQuality "1"]

{[%evp 26,144,-31,-22,-26,-39,-20,-39,-28,-96,-111,-95,-87,-91,-94,-74,-95,-89,-95,-89,0,-120,-128,-129,-116,-130,-135,-116,-117,-130,-141,-177,-166,-160,-159,-135,-135,-143,-131,-157,-84,-83,-84,-91,-77,-99,-16,-95,-43,-42,0,0,0,-2,0,-155,-33,-16,24,16,29,29,56,0,0,-78,-52,-208,-207,-244,-245,-250,-245,-221,-223,-260,-241,-29943,-29944,-12847,-12827,-29959,-29956,-29969,-29975,-29974,-29961,-29948,-29949,-29942,-29938,-29952,-29955,-29948,-29947,-6706,-5314,-29949,-29949,-29955,-29955,-29963,-29965,-29972,-29957,-29975,-29976,-29978,-29980,-29985,-29986,-29983,-29976,-29989,-29990,-29993,-29994,-29994,-29995,-29995,-29996]} 1. Nf3 c5 2. c4 Nc6 3. Nc3 e5 4. g3 g6 5. Bg2 Bg7 6. O-O Nge7 7. d3 O-O 8. Ne1 d6 9. Nc2 Be6 10. Rb1 d5 11. cxd5 Nxd5 12. Ne3 Nde7 13. a3 a5 14. Nc4 Rb8 {A37: Symmetrical English vs ...g6: 4 Bg2 Bg7 5 Nf3.} 15. f4 f5 {[#]} 16. fxe5 $146 ({Predecessor:} 16. Be3 b5 17. Nxe5 Nxe5 18. fxe5 Bxe5 19. Bxc5 Bd4+ 20. Bxd4 Qxd4+ 21. Kh1 b4 22. e3 Qxe3 {½-½ (44) Klykow,L (2168)-Borgbjerg,E (2125) IECG email 2006}) 16... b5 {Black is slightly better.} 17. Nd6 (17. Bg5 $1 $11) 17... b4 $17 18. axb4 cxb4 (18... Bxe5 19. Nc4 $15) 19. Na4 Nxe5 20. Nb7 Qd4+ 21. Kh1 Bd5 22. Nbc5 Rfc8 ({Black should try} 22... Bxg2+ $17 23. Kxg2 Rfc8 24. Qb3+ Qd5+ 25. Qxd5+ Nxd5) 23. e3 (23. Bxd5+ $11 {keeps the balance.} Qxd5+ 24. e4 fxe4 25. dxe4 Qxd1 26. Rxd1) 23... Bxg2+ 24. Kxg2 Qd6 25. Qb3+ Kh8 26. d4 Ng4 27. h3 Nf6 $1 28. Bd2 Ned5 (28... Nh5 29. Be1 $17) 29. Rbe1 Re8 30. Qd3 Re7 31. b3 Rbe8 32. Nb2 {[#]} Ne4 (32... Nb6 $142 $1 33. Rf2 h5) 33. Nxe4 Rxe4 (33... fxe4 $6 34. Qb5 $16) 34. Nc4 Qc6 35. Kf2 R4e6 (35... h5 $17 {Threatening ...h4.} 36. Kg1 Qe6) 36. Nxa5 (36. Ra1 $1 $11) 36... Qa8 (36... Qc7 $17 37. Nc4 Nf6) 37. Nc4 $15 h5 (37... Nf6 $5 {[%cal Rf6e4]} 38. Ra1 (38. Kg1 Qb8 $15) 38... Qe4 $15) 38. Ra1 $36 {[%mdl 2048] White fights for an advantage.} Qb7 39. Ra4 h4 40. Rg1 $2 (40. gxh4 $11 f4 41. exf4 Re2+ 42. Qxe2 Rxe2+ 43. Kxe2) 40... hxg3+ (40... Nf6 $17 {aiming for ...hxg3+.} 41. Rxb4 (41. gxh4 f4 $17) 41... hxg3+ 42. Kxg3 Ne4+ 43. Kg2 (43. Kh2 $2 Qc7+ 44. Ne5 Bxe5+ 45. Kg2 Bh2 $19) 43... Qd5) 41. Rxg3 f4 42. exf4 Nf6 43. Kg1 ({Not} 43. Bxb4 $2 Qh1 $19) 43... Ne4 44. Rg2 (44. Rxb4 $14 Qd5 45. Rg2) 44... Nxd2 $11 45. Nxd2 (45. Qxd2 $11 Re1+ 46. Kh2) 45... Qf7 46. Rxb4 $2 {Loses the game.} ({White should play} 46. Qf3 $15) 46... Qxf4 $19 47. Nf1 {[#]} Rf6 $1 {[%mdl 1024] Threatens to win with ...Re1! Black has strong compensation.} 48. Qd1 Ref8 {...Qd6 is the strong threat.} 49. Nh2 Qe3+ 50. Kh1 Rf2 {( -> ...Rxg2)} 51. Rxf2 $2 (51. Qg1 $19 Bxd4 52. h4) 51... Rxf2 52. d5 Re2 53. Rh4+ Kg8 54. Qxe2 Qxe2 55. Rg4 Qd1+ 56. Kg2 Qxd5+ 57. Nf3 Qxb3 58. Rg5 Qc2+ 59. Kg3 Bf6 60. Rd5 Kf7 61. Rd2 {Cut Off at move 61} Qc5 {Black mates.} 62. Re2 g5 63. Re4 Kg6 64. Re2 Qd5 65. Re3 Kh5 66. Re2 Bd8 67. Rd2 Bc7+ 68. Kf2 Qe4 69. Re2 Bb6+ 70. Kf1 Qxf3+ {[%mdl 64] Double Attack} 71. Ke1 Ba5+ 72. Kd1 Qd3+ {Weighted Error Value: White=0.50/Black=0.18} 0-1

[Event "Young Talents Mukachevo 2020"]
[Site "Mukachevo"]
[Date "2020.11.24"]
[Round "2.3"]
[White "Lymar, Vladislav"]
[Black "Lozynskyi, Bohdan"]
[Result "1-0"]
[WhiteElo "2147"]
[BlackElo "2077"]
[Annotator "TA"]
[PlyCount "115"]
[EventDate "2020.11.23"]
[EventType "tourn"]
[EventCountry "UKR"]
[SourceTitle "playchess.com"]
[Source "ChessBase"]
[SourceQuality "1"]

{[%evp 11,115,-9,8,14,16,6,2,0,29,-4,0,-4,-4,-3,-8,-8,-14,-16,0,-9,14,10,2,5,31,4,7,2,34,0,29,18,13,24,39,12,69,36,37,37,50,0,18,-7,-7,-218,0,0,0,0,18,0,0,0,20,0,0,0,6,9,8,0,0,0,8,0,0,0,0,-12,-20,-47,0,0,0,0,0,0,0,0,0,0,29982,29983,29983,29984,29984,29985,29985,29986,29986,29938,6352,6685,5535,1009,29968,29967,29965,29966,6102,6095,29982,29983,29983,29980]} 1. d4 d5 2. Nf3 Nf6 3. c4 e6 4. Nc3 Nbd7 5. a3 c6 6. e3 Be7 7. b3 {D45: Semi-Slav: 5 e3.} O-O 8. Bb2 {[#]} Re8 $146 ({Predecessor:} 8... c5 9. Bd3 b6 10. O-O Bb7 11. cxd5 exd5 12. Rc1 Ne4 13. Qc2 f5 14. Nd2 Bg5 15. Rfe1 Qe7 16. Ndxe4 fxe4 17. Bb5 cxd4 18. Nd1 d3 {0-1 (48) Nielsen Refs,I (1593)-Zrmanovska,M (1248) Bratislava 2019}) 9. Bd3 {The position is equal.} dxc4 10. Bxc4 b5 11. Be2 a6 12. O-O c5 13. Rc1 Bb7 14. a4 b4 15. Nb1 Ne4 16. Nbd2 Nxd2 17. Nxd2 Bf6 18. Bf3 (18. Nc4 {keeps more tension.} Qe7 19. Na5 Bd5 20. Bf3 Rac8 21. e4) 18... Bxf3 19. Nxf3 Qe7 20. Qe2 a5 21. Rc4 cxd4 22. Nxd4 Nb6 23. Rc2 Nd5 (23... Rec8 $11) 24. Rfc1 (24. Nc6 $5 {[%cal Rc6e7]} Qf8 25. Bxf6 gxf6 26. Qh5 $14) 24... Qd7 25. Rc5 Rec8 {Threatening ...Nc3!} 26. Qc4 {[%cal Rc5c8]} (26. Qb5 $5 {[%cal Rb5d7]} Rd8 27. g3 $14) 26... Nb6 27. Qc2 Bxd4 28. Bxd4 $2 {[#]} (28. exd4 $11 {and White stays safe.} Rd8 29. Rc7) 28... Rxc5 $2 ({Better is} 28... e5 $1 $19 {[%mdl 512]} 29. Bxe5 (29. Rxe5 Rxc2) 29... Rxc5 30. Qxc5 Rc8) 29. Bxc5 $11 (29. Qxc5 $2 {too greedy.} Rc8 $19) 29... Rc8 {...Qc7 is the strong threat.} 30. e4 Rc6 31. Qb1 f6 (31... Qc7 $5 32. Be3 $8 f6 $11) 32. Be3 Kf7 33. Rxc6 Qxc6 34. Qd1 Nd7 35. Qh5+ {[%mdl 64] Double Attack} Ke7 36. Qxh7 Qc3 {[%cal Rc3e1]} 37. Qxg7+ Kd8 {[%cal Rc3e1]} 38. h4 {And now Kh2 would win.} Qxb3 39. Qg8+ Ke7 $1 40. Qa8 Qxa4 {Threatens to win with ...b3.} 41. Qb7 $1 b3 {aiming for ...Qa1+.} 42. Bc5+ $1 Ke8 43. Bd6 $1 b2 {Hoping for ...Qd1+.} 44. Kh2 Qc2 45. Qa8+ $1 Kf7 46. Qd8 Qxe4 $2 {[%mdl 8192]} ({And not} 46... b1=Q 47. Qxd7+ Kg6 48. Qe8+ Kg7 49. Qf8+ Kh7 50. Qf7+ Kh8 51. Qxf6+ Kh7 52. Qf7+ Kh8 53. Be5#) (46... Qc6 $11 47. Qe7+ Kg8) 47. Qxd7+ Kg6 48. Qe8+ Kh7 49. Qf7+ {[%mdl 64] Double Attack} Kh8 50. Qxf6+ {[%mdl 64] Double Attack} Kg8 51. Qxb2 Qxh4+ 52. Kg1 Qe4 53. Qc1 a4 54. Qg5+ Kh7 55. Qe7+ Kg6 56. Qe8+ Kh7 57. Qf7+ Kh8 58. Be7 {Weighted Error Value: White=0.21/Black=0.40} 1-0

[Event "Young Talents Mukachevo 2020"]
[Site "Mukachevo"]
[Date "2020.11.24"]
[Round "3.1"]
[White "Lozynskyi, Bohdan"]
[Black "Petrovskiy, Vadim"]
[Result "0-1"]
[WhiteElo "2077"]
[BlackElo "2108"]
[Annotator "TA"]
[PlyCount "64"]
[EventDate "2020.11.23"]
[EventType "tourn"]
[EventCountry "UKR"]
[SourceTitle "playchess.com"]
[Source "ChessBase"]
[SourceQuality "1"]

{[%evp 9,64,-9,-3,-12,35,14,41,0,3,16,12,-17,0,0,-1,-18,22,0,45,12,16,-83,-72,-82,-64,-91,-64,-64,-62,-65,-51,-138,-128,-135,-105,-145,-133,-133,-133,-136,43,-175,-154,-147,-153,-149,-151,-155,-154,-275,-275,-275,-217,-345,-345,-321,-335]} 1. e4 c5 2. Be2 Nc6 3. f4 g6 4. Nf3 Bg7 5. O-O d6 6. c3 {B21: Sicilian: 2 f4 and Morra Gambit.} e5 (6... Nf6 $5 {[%cal Rf6e4]}) 7. d3 Nge7 8. Be3 {White is slightly better.} b6 9. Na3 O-O {[#]} 10. Nc2 $146 ({Predecessor:} 10. Qe1 f6 11. Rd1 exf4 12. Bxf4 d5 13. Nb5 a6 14. Nc7 Ra7 15. Qg3 d4 16. cxd4 Nxd4 17. Nxd4 Qxd4+ {1-0 (78) Salaun,Y (2323)-Fantinel,T (2300) France 2012}) 10... exf4 11. Bxf4 d5 12. Qe1 Re8 13. Qh4 {[#] Hoping for Ng5.} Nf5 (13... f6 {with more complications.} 14. Rad1 Qd7 15. Ne3 d4 16. Nc4 Ba6) 14. Qxd8 (14. Qf2 {is more complex.} Nfe7 15. Rad1 d4 16. cxd4 cxd4 17. Qh4) 14... Nxd8 15. e5 (15. exf5 $11 {remains equal.} Rxe2 16. Rae1 Rxe1 17. Rxe1) 15... Ne6 16. Bd2 d4 17. Rae1 Bb7 (17... Ba6 {is interesting.} 18. a4 Rad8 19. c4 Rd7 20. g4 Ne7) 18. cxd4 Nexd4 19. Ncxd4 Nxd4 20. Bf4 (20. Nxd4 $15 cxd4 21. Bd1) 20... Nxe2+ 21. Rxe2 Rad8 22. Rd1 Bxf3 23. gxf3 Rd5 24. Bg3 Bxe5 $2 {[#]} ({Black should try} 24... Red8 $17 25. Kf2 Rxd3 26. Rxd3 Rxd3) 25. Kg2 $2 {White does not recover from this.} (25. d4 $1 $14 {[%mdl 512] is the one way to stay ahead.}) 25... g5 26. f4 gxf4 27. Bxf4 f6 28. Kf3 Kf7 29. Rg2 (29. b3 $17 {was worth a try.}) 29... Bxf4 $19 30. Kxf4 c4 31. Rgd2 (31. d4 {might work better.}) 31... Rd4+ 32. Kf3 Red8 {Weighted Error Value: White=0.49/Black=0.28} 0-1

[Event "Young Talents Mukachevo 2020"]
[Site "Mukachevo"]
[Date "2020.11.24"]
[Round "3.2"]
[White "Samunenkov, Ihor"]
[Black "Lymar, Vladislav"]
[Result "1-0"]
[WhiteElo "2142"]
[BlackElo "2147"]
[Annotator "TA"]
[PlyCount "49"]
[EventDate "2020.11.23"]
[EventType "tourn"]
[EventCountry "UKR"]
[SourceTitle "playchess.com"]
[Source "ChessBase"]
[SourceQuality "1"]

{[%evp 9,49,3,31,20,25,24,20,22,22,0,72,58,67,35,38,42,35,46,36,44,37,43,36,47,48,0,0,0,68,20,127,121,254,276,387,383,656,578,655,635,635,618]} 1. d4 d5 2. Nf3 Nf6 3. g3 e6 4. Bg2 b5 5. O-O Bd6 6. a4 {A46: 1 d4 Nf6 2 Nf3 e6: Torre, London and Colle Systems.} b4 7. c4 bxc3 8. Nxc3 {The position is equal.} O-O 9. Nb5 Be7 (9... a6 $11 10. Nxd6 cxd6) 10. Bf4 $16 Ne8 {[#]} 11. Rc1 $146 {[%cal Rf4c7]} ({Predecessor:} 11. Qc2 Na6 12. Qc6 Rb8 13. Nxa7 Nb4 14. Qc3 g5 15. Nxc8 gxf4 16. Nxe7+ Qxe7 17. gxf4 {½-½ (34) Rosner,J (2428)-Siddharth,J (2301) Schwaebisch Gmuend 2020}) 11... c6 12. Nxa7 Bb7 13. Bxb8 Qxb8 14. Nxc6 Bxc6 15. Rxc6 {Threatens to win with b3.} Qxb2 16. Ne5 Nf6 17. Rc1 (17. Rc2 $5 {[%cal Rc2b2]} Qa3 18. Nc6 $14) 17... Bd6 18. Nc6 Rfc8 ({Black should play} 18... Ra6 $1 $11) 19. Qd3 Qa3 (19... Qb7 $11 {keeps the balance.} 20. Qb5 Rc7) 20. Qb5 Rab8 {A mistake that costs the game.} (20... g6 $16 {was called for.}) 21. Qa6 $18 {[#] aiming for Ne7+!} Kf8 (21... Kh8 $142 22. a5 Ra8) 22. Ra1 Ra8 $2 (22... Qc3) 23. Na7 {White is clearly winning.} ({Not} 23. Rxa3 $2 Rxa6 24. Rc3 Rcxc6 $19) 23... Rc7 24. Rxa3 Bxa3 25. Qd3 {Weighted Error Value: White=0.14/Black=0.60} 1-0